More than money questions every MBA needs to answer : redefining risk and reward for a life of purpose /

Bibliographic Details
Main Author: Albion, Mark S., 1951-
Corporate Author: ProQuest (Firm)
Format: Electronic eBook
Language:English
Published: San Francisco : Berrett-Koehler Publishers, c2009.
Edition:1st ed.
Subjects:
Online Access:Click to View
LEADER 01522nam a2200397 a 4500
001 EBC407866
003 MiAaPQ
005 20200520144314.0
006 m o d |
007 cr cn|||||||||
008 080717s2009 caua s 000 0 eng
010 |z  2008030281 
015 |a GBA889068  |2 bnb 
016 7 |z 014669412  |2 Uk 
020 |z 9781576756560 (hbk. : alk. paper) 
020 |z 1576756564 (hbk. : alk. paper) 
035 |a (MiAaPQ)EBC407866 
035 |a (Au-PeEL)EBL407866 
035 |a (CaPaEBR)ebr10315458 
035 |a (CaONFJC)MIL230024 
035 |a (OCoLC)476226462 
040 |a MiAaPQ  |c MiAaPQ  |d MiAaPQ 
050 4 |a HD38.2  |b .A3473 2009 
082 0 4 |a 650.14  |2 22 
100 1 |a Albion, Mark S.,  |d 1951- 
245 1 0 |a More than money  |h [electronic resource] :  |b questions every MBA needs to answer : redefining risk and reward for a life of purpose /  |c Mark Albion. 
250 |a 1st ed. 
260 |a San Francisco :  |b Berrett-Koehler Publishers,  |c c2009. 
300 |a xxvi, 105 p. :  |b ill. 
505 0 |a Who are you? -- What do you want? -- What can you do? -- Where are you going? 
533 |a Electronic reproduction. Ann Arbor, MI : ProQuest, 2015. Available via World Wide Web. Access may be limited to ProQuest affiliated libraries. 
650 0 |a Industrial management  |x Vocational guidance. 
650 0 |a Career development. 
655 4 |a Electronic books. 
710 2 |a ProQuest (Firm) 
856 4 0 |u https://ebookcentral.proquest.com/lib/matrademy/detail.action?docID=407866  |z Click to View